Rupert García (Record no. 3114)

MARC details
000 - LÍDER
campo de control de longitud fija 00868nam a2200205Ia 4500
008 - ELEMENTOS DE DATOS DE LONGITUD FIJA - INFORMACIÓN GENERAL
campo de control de longitud fija 0000001986 usa 0000000000eng00
020 ## - INTERNATIONAL STANDARD BOOK NUMBER
International Standard Book Number 60519424
090 ## - NÚMERO DE LLAMADA DE TIPO LC LOCALMENTE ASIGNADO (OCLC)
Número de clasificación (OCLC) (R) PUS00 F18r
100 1# - ENTRADA PRINCIPAL - NOMBRE PERSONAL
Nombre de la persona Favela, Ramón
245 10 - TÍTULO DECLARACIÓN
Título Rupert García
Resto del título : the art of Rupert García , a survey exhibition
Declaración de responsabilidad / text by Ramón Favela
260 ## - PUBLICACIÓN, DISTRIBUCIÓN
Lugar de publicación San Francisco : Chronicle Books
Fecha de publicación 1986
300 ## - DESCRIPCIÓN FÍSICA
Alcance 96 p.
Dimensiones / 30 cm.
500 ## - NOTA GENERAL
Nota general Exposición realizada en el Museo Mexicano, San Francisco, Agosto 20 Octubre 19, 1986 \ Con el patronazgo del maestro venezolano Jesús Rafael Soto (q.e.p.d.) \ Registro auspiciado por el IDCT. Bogotá
600 00 - ENTRADA DE SUJETO AÑADIDO - NOMBRE PERSONAL
Nombre de la persona GARCIA, RUPERT, 1941 /
Subdivisión general TRABAJOS PICTORICOS
650 14 - ENTRADA DE SUJETO AÑADIDO - TÉRMINO TÓPICO
Término tópico o elemento de entrada del nombre geográfico ARTE CONTEMPORANEO ESTADOUNIDENSE
650 14 - ENTRADA DE SUJETO AÑADIDO - TÉRMINO TÓPICO
Subdivisión general CATALOGOS
650 14 - ENTRADA DE SUJETO AÑADIDO - TÉRMINO TÓPICO
Subdivisión general EXPOSICIONES
650 14 - ENTRADA DE SUJETO AÑADIDO - TÉRMINO TÓPICO
Término tópico o elemento de entrada del nombre geográfico GRABADOS ESTADOUNIDENSES
650 14 - ENTRADA DE SUJETO AÑADIDO - TÉRMINO TÓPICO
Término tópico o elemento de entrada del nombre geográfico PINTURA ESTADOUNIDENSE
Holdings
Estado de retirada Pérdida de estatus Estado dañado No para préstamo Código de recogida Ubicación permanente Ubicación actual Ubicación de las estanterías Fecha de adquisición Número de llamada completo Código de barras Fecha de la última vez que se vio Número de copia Precio efectivo desde Tipo de artículo Koha
        General ArtNexus ArtNexus General 06/09/2022 P-US-00 F18R 3117 06/09/2022 Ej.1 06/09/2022 Libro

Powered by Koha